Statistics for Baby, Male and Female Animals

Click here to take the quiz!

General Stats

  • This quiz has been taken 59,061 times
  • The average score is 21 of 30

Answer Stats

Animal Name % Correct
Young dogPuppy
96%
Young catKitten
96%
Male cattleBull
91%
Female chickenHen
89%
Young cattleCalf
88%
Female cattleCow
87%
Female deerDoe
87%
Young duckDuckling
83%
Young bearCub
81%
Young sheepLamb
80%
Female lionLioness
79%
Young goatKid
76%
Young frogTadpole
76%
Young kangarooJoey
75%
Female sheepEwe
73%
Male sheepRam
73%
Male catTom
70%
Adult, male horseStallion
69%
Female horseMare
67%
Young butterflyCaterpillar
64%
Female pigSow
64%
Young deerFawn
63%
Young gooseGosling
60%
Male gooseGander
54%
Young horseFoal
53%
Male pigBoar
48%
Young, male horseColt
47%
Male duckDrake
40%
Female donkeyJenny
22%
Young pigeonSquab
14%

Score Distribution

Percentile by Number Answered

Percent of People with Each Score

Your Score History

You have not taken this quiz